Астрономия (Запись № 543383)

Подробности
000 -МАРКЕР
контрольное поле 01171nam0a2200313 4500
001 - ИДЕНТИФИКАТОР ЗАПИСИ
контрольное поле RU\NLR\bibl\1302811
005 - ИДЕНТИФИКАТОР ВЕРСИИ
контрольное поле 20260405231618.0
010 ## - МЕЖДУНАРОДНЫЙ СТАНДАРТНЫЙ НОМЕР КНИГИ (ISBN)
Номер (ISBN) 978-5-9221-0952-9
Тираж 1000
021 ## - НОМЕР ГОСУДАРСТВЕННОЙ РЕГИСТРАЦИИ
Код страны Российская Федерация
Номер 2008-77680
Номер Листа государственной регистраци 4501
035 ## - ДРУГИЕ СИСТЕМНЫЕ НОМЕРА
Идентификатор записи (NLR Aleph) 001288372
100 ## - ДАННЫЕ ОБЩЕЙ ОБРАБОТКИ
Данные общей обработки 20081204d2008 |||y0rusy50 ca
101 0# - ЯЗЫК РЕСУРСА
Язык текста, звукозаписи и т.д. русский
102 ## - СТРАНА ПУБЛИКАЦИИ ИЛИ ПРОИЗВОДСТВА
Страна публикации Российская Федерация
105 ## - ПОЛЕ КОДИРОВАННЫХ ДАННЫХ: ТЕКСТОВЫЕ МАТЕРИАЛЫ, МОНОГРАФИЧЕСКИЕ
Кодированные данные о монографическом текстовом документе a |||||||||
200 1# - ЗАГЛАВИЕ И СВЕДЕНИЯ ОБ ОТВЕТСТВЕННОСТИ
Основное заглавие Астрономия
Сведения, относящиеся к заглавию [учебное пособие]
Первые сведения об ответственности А.В. Засов, Э.В. Кононович
210 ## - ПУБЛИКАЦИЯ, РАСПРОСТРАНЕНИЕ И ДР.
Место издания, распространения и т.д. Москва
Имя издателя, распространителя и т. д. ФИЗМАТЛИТ
Дата издания, распространения и т.д. 2008
215 ## - ФИЗИЧЕСКАЯ ХАРАКТЕРИСТИКА
Специфическое обозначение материала и объем 254 с., [4] л. цв. ил.
Другие сведения о физической характеристике ил.
Размеры 23
606 1# - НАИМЕНОВАНИЕ ТЕМЫ КАК ПРЕДМЕТ
Наименование темы Астрономия
Формальный подзаголовок Учебные издания
Системный номер авторитетной/нормативной записи 948735
Идентификатор авторитетной/нормативной записи RU\NLR\auth\6633617
686 ## - ИНДЕКСЫ ДРУГИХ КЛАССИФИКАЦИЙ
Индекс В6я7
700 #1 - ИМЯ ЛИЦА - ПЕРВИЧНАЯ ОТВЕТСТВЕННОСТЬ
Код отношения Автор
Графика поля Кириллица
Материалы, к которым относится поле rus
Начальный элемент ввода Засов
Часть имени, кроме начального элемента ввода А. В.
Даты 1941-
Расширение инициалов личного имени Анатолий Владимирович
Системный номер авторитетной/нормативной записи 18973
Идентификатор авторитетной/нормативной записи RU\NLR\AUTH\7735979
701 #1 - ИМЯ ЛИЦА - АЛЬТЕРНАТИВНАЯ ОТВЕТСТВЕННОСТЬ
Код отношения Автор
Графика поля Кириллица
Материалы, к которым относится поле rus
Начальный элемент ввода Кононович
Часть имени, кроме начального элемента ввода Э. В.
Даты 1931-
Расширение инициалов личного имени Эдвард Владимирович
Системный номер авторитетной/нормативной записи 88438
Идентификатор авторитетной/нормативной записи RU\NLR\AUTH\77105513
801 #0 - ИСТОЧНИК ЗАПИСИ
Страна Российская Федерация
Организация NLR
Дата составления 20081204
Правила каталогизации RCR
801 #1 - ИСТОЧНИК ЗАПИСИ
Страна Российская Федерация
Организация NLR
Дата составления 20081204
830 ## - ОБЩЕЕ ПРИМЕЧАНИЕ, СОСТАВЛЕННОЕ КАТАЛОГИЗАТОРОМ
Текст примечания Авт. по кн.
942 ## - ДОПОЛНИТЕЛЬНЫЕ ЭЛЕМЕНТЫ ЗАПИСИ (АБИС)
Тип экземпляра АБИС Книга
980 ## - КОЛЛЕКЦИЯ
Название коллекции Национальная библиография
Экземпляры
Тип экземпляра Дата поступления Источник поступления Библиотека постоянного хранения Библиотека текущего хранения Место хранения Шифр хранения Штрих-код Статус экземпляра Стоимость
Книга 04.12.2008 Обязательный экземпляр РНБ (Московский) РНБ (Московский) Русский книжный фонд: издания с 1957 года 2008-5/10555 2805480    
Книга 04.12.2008 Обязательный экземпляр РНБ (Московский) РНБ (Московский) Русский книжный фонд: издания с 1957 года 2008-5/10555 2805483    
Книга 07.09.2009 Покупка РНБ (Московский) РНБ (Московский) Фонд общего зала литературы по технике Т1 В6/З-363 1-628763   359.00
Книга 19.05.2009 Покупка РНБ (Фонтанка) РНБ (Фонтанка) Юношеский читальный зал Ю В6/З-36 1-287507   359.00